Представление документа в формате RUSMARC

Поле Инд. ПП Название Значение
Тип записи a
Библиографический уровень a
001 Контрольный номер 0b0bade1d7fd4482a48a757f2c61cb7c
005 Дата корректировки 20181120134544.5
100 a Данные общей обработки 20180921 ||| 0rusy0189 ca
101 0_ a Язык текста rus
102 a Страна публикации RU
200 1_ f Первые сведения об ответственности С. Филиппова
a Заглавие Права учредителя на имущество юридического лица
b Общее обозначение материала Текст
210 d Дата издания 2018
461 _0 1 2000
a Хозяйство и право
463 _0 1 2000
a №7
v С. 3-16
1 2101
d 2018
1 001839d1e69363e43d888a47bb7ff14743e
606 a Основная рубрика Гражданское и торговое право
610 0_ a Ключевые слова ЮРИДИЧЕСКИЕ ЛИЦА
a Ключевые слова ПРАВО СОБСТВЕННОСТИ
700 _1 a Фамилия Филиппова
b Имя С.
801 _0 a Страна RU
b Организация РГУП
c Дата составления 20180921
g Правила каталогизации PSBO
801 _1 a Страна RU
b Организация РГУП
c Дата составления 20180921
g Правила каталогизации PSBO
901 t Тип документа b
w Контрольный № источника 839d1e69363e43d888a47bb7ff14743e
905 a Дата ввода 20180921